花落蓮成
| 資料類型: | 圖書 | 書目號: | 32505 |
Leader xxxxxxxxxx 001 __ 85038301 005 __ 19960814190650.0 008 __ chi 010 0_ |a|b|dNT﹩100 100 __ |a19920527d1977 bb 1chiy0109 e. 101 __ |achi 102 __ |acw. 105 __ |ayyyyzzzz000ay. 200 1_ |a花落蓮成|e|f姜貴著. 205 __ |a再版. 210 __ |a臺北市|c遠景|d民66. 215 0_ |a3, 198面|c|d19公分. 225 0_ |a遠景叢刊|v64. 260 1_ |a1977. 300 __ |a 681 __ |a857.7. 700 _1 |a姜|b貴|4著. 702 __ |a|b|4 801 _0 |bTML. |